Artificial insemination on cattle in small holders livestock project production at pursat province, ការបង្កាត់ពូជគោដោយសប្បនិម្មិតក្នុងគំរោងការចិញ្ចឹមសត្តកម្ពុជា-សហគមន៍អឺរ៉ុប នៅខេត្តពោធិ៍សាត់ (Record no. 2322)

000 -LEADER
fixed length control field 00730nam a22001577a 4500
003 - CONTROL NUMBER IDENTIFIER
control field OSt
005 - DATE AND TIME OF LATEST TRANSACTION
control field 20151019151801.0
008 - FIXED-LENGTH DATA ELEMENTS--GENERAL INFORMATION
fixed length control field 151019b xxu||||| |||| 00| 0 eng d
040 ## - CATALOGING SOURCE
Transcribing agency RUA
082 ## - DEWEY DECIMAL CLASSIFICATION NUMBER
Classification number AVM MEN 2009 B087 Or.1
100 ## - MAIN ENTRY--PERSONAL NAME
9 (RLIN) 2468
Personal name MEN, SORAKSA.
245 ## - TITLE STATEMENT
Title Artificial insemination on cattle in small holders livestock project production at pursat province, ការបង្កាត់ពូជគោដោយសប្បនិម្មិតក្នុងគំរោងការចិញ្ចឹមសត្តកម្ពុជា-សហគមន៍អឺរ៉ុប នៅខេត្តពោធិ៍សាត់
260 ## - PUBLICATION, DISTRIBUTION, ETC. (IMPRINT)
Place of publication, distribution, etc. Phnom Penh
Name of publisher, distributor, etc. RUA
Date of publication, distribution, etc. 2009
300 ## - PHYSICAL DESCRIPTION
Extent ix; 39p.
Other physical details ill.
Dimensions 29cm.
942 ## - ADDED ENTRY ELEMENTS (KOHA)
Source of classification or shelving scheme
Koha item type AVM
Holdings
Price effective from Date last seen Permanent Location Not for loan Date acquired Source of classification or shelving scheme Koha item type Barcode Lost status Damaged status Shelving location Withdrawn status Current Location Full call number
2015-10-192015-10-19Library Block B 2015-10-19 AVMRUA020271  B087 Library Block BAVM MEN 2009 B087 Or.1
2015-10-192015-10-19Library Block B 2015-10-19 AVMRUA020206  B087 Library Block BAVM MEN 2009 B087 Or.2
2015-10-192015-10-19Library Block B 2015-10-19 AVMRUA020208  B087 Library Block BAVM MEN 2009 B087 Or.3
2015-10-192015-10-19Library Block B 2015-10-19 AVMRUA020279  B087 Library Block BAVM MEN 2009 B087 Or.4
2015-10-192015-10-19Library Block B 2015-10-19 AVMRUA020278  B087 Library Block BAVM MEN 2009 B087 Or.5
2015-10-192015-10-19Library Block B 2015-10-19 AVMRUA017454  B087 Library Block BAVM MEN 2009 B087 Or.6
2015-10-192015-10-19Library Block B 2015-10-19 AVMRUA006455  B087 Library Block BAVM MEN 2009 B087 Or.7
2015-10-192015-10-19Library Block B 2015-10-19 AVMRUA006990  B087 Library Block BAVM MEN 2009 B087 Or.8
2015-10-192015-10-19Library Block B 2015-10-19 AVMRUA006553  B087 Library Block BAVM MEN 2009 B087 Or.9
2015-10-192015-10-19Library Block B 2015-10-19 AVMRUA006416  B087 Library Block BAVM MEN 2009 B087 Or.10
មជ្ឈមណ្ឌលឯការនៃសាកលវិទ្យាល័យភូមិន្ទកសិកម្មចំការដូង

Powered by Koha